Las drogas: educación y prevención (Registro nro. 5946)

Detalles MARC
000 -Cabecera
Campo de control de longitud fija 00765ata a2200325 4500
005 - Fecha y hora de la última transacción
Campo de control 20250704145045.0
008 - Elementos de longitud fija--Información general
Campo de control de longitud fija 150525b2004 xxu||||| |||| 00| 0 spa d
020 ## - International Standard Book Number
Número Internacional Estándar del Libro (ISBN) 8480556919
041 ## - Idioma
Código de idioma Español
082 ## - Clasificación Decimal Dewey
Número de clasificación 362.299 D784d
245 ## - Título propiamente dicho
Título Las drogas: educación y prevención
260 ## - Pie de imprenta
Lugar de publicación, distribución, etc. España
260 ## - Pie de imprenta
Nombre del editor, distribuidor, etc. Cultural
260 ## - Pie de imprenta
Fecha de publicación, distribución, etc. 2004
300 ## - Descripción física
Extensión 224 páginas
505 ## - Nota de contenido
Nota de contenido CONTIENE DISCO COMPACTO N 206
650 ## - Materia general
Temática (materia general) DROGAS
650 ## - Materia general
Temática (materia general) ADICCIÓN
650 ## - Materia general
Temática (materia general) HISTORIA
650 ## - Materia general
Temática (materia general) PREVENCIÓN
650 ## - Materia general
Temática (materia general) EDUCACIÓN
650 ## - Materia general
Temática (materia general) TOXICIDAD
650 ## - Materia general
Temática (materia general) SINAPSIS
650 ## - Materia general
Temática (materia general) VIOLENCIA
650 ## - Materia general
Temática (materia general) FAMILIA
650 ## - Materia general
Temática (materia general) REHABILITACIÓN
650 ## - Materia general
Temática (materia general) SÍNDROME DE ABSTINENCIA
650 ## - Materia general
Temática (materia general) ALCOHOLISMO
942 ## - Punto de acceso adicional KOHA
Tipo de ítem KOHA Libro
Fuente del sistema de clasificación o colocación Dewey Decimal Classification
Existencias
Signatura completa Código de barras Tipo de ítem
362.299 D784d 9685 Libro
362.299 D784d 9686 Libro
206 DC 206DC Disco Compacto